| 000 | 00781nam a2200253 a 4500 | ||
|---|---|---|---|
| 001 | BRCA_7100 | ||
| 005 | 20190320205719.0 | ||
| 008 | 271211s1950----enka######---#000-0#eng-# | ||
| 041 | _aeng | ||
| 044 | _aenk | ||
| 050 | 4 |
_aN1070 _b.A753 2 1950 |
|
| 110 | 2 |
_aNational Gallery _917642 |
|
| 245 | 1 | 0 |
_aItalian Schools _cdesigned by Sir Charles Holmes |
| 260 |
_aLondres _bTrustees _c1950 |
||
| 300 |
_a394 p. _bil. (700 reproducciones) _c25 cm. |
||
| 440 | 0 |
_aNational Gallery Illustrations _v2 _917643 |
|
| 500 | _aVer también O111 y O115 | ||
| 500 | _aO112 | ||
| 650 | 1 | 4 |
_aPintura italiana _vCatálogos _xGaleria Nacional _zInglaterra _917644 |
| 700 | 1 |
_aHolmes, C. J. _d1868-1936 _q(Charles John) _917645 |
|
| 710 | 2 |
_aNational Galery _917646 |
|
| 902 | _aGFM | ||
| 942 |
_2lcc _cB |
||
| 999 |
_c6781 _d6781 |
||